<?xml version="1.0" encoding="UTF-8"?>
<record
    xmlns:xsi="http://www.w3.org/2001/XMLSchema-instance"
    xsi:schemaLocation="http://www.loc.gov/MARC21/slim http://www.loc.gov/standards/marcxml/schema/MARC21slim.xsd"
    xmlns="http://www.loc.gov/MARC21/slim">

  <leader>00471nam a22001697a 4500</leader>
  <controlfield tag="005">20240108164608.0</controlfield>
  <controlfield tag="008">220225b           ||||| |||| 00| 0 eng d</controlfield>
  <datafield tag="020" ind1=" " ind2=" ">
    <subfield code="a">81-8416-007-0</subfield>
  </datafield>
  <datafield tag="041" ind1=" " ind2=" ">
    <subfield code="a">eng</subfield>
  </datafield>
  <datafield tag="082" ind1=" " ind2=" ">
    <subfield code="a">610 GOY-E</subfield>
  </datafield>
  <datafield tag="100" ind1=" " ind2=" ">
    <subfield code="a">GOYAL, DR. RAMESH K. SHAH Dr. GAURANG</subfield>
    <subfield code="9">8334</subfield>
  </datafield>
  <datafield tag="245" ind1=" " ind2=" ">
    <subfield code="a">ELEMENTS OF HUMAN ANATOMY &amp; PHYSIOLOGY &amp; HEALTH EDUCATION </subfield>
  </datafield>
  <datafield tag="260" ind1=" " ind2=" ">
    <subfield code="a">AHMEDABAD</subfield>
    <subfield code="b">B.S. SHAH  PRAKASHAH </subfield>
  </datafield>
  <datafield tag="300" ind1=" " ind2=" ">
    <subfield code="a">480;p</subfield>
  </datafield>
  <datafield tag="650" ind1=" " ind2=" ">
    <subfield code="a">PHARMACY</subfield>
    <subfield code="x">D.PHARMA</subfield>
  </datafield>
  <datafield tag="942" ind1=" " ind2=" ">
    <subfield code="c">BK</subfield>
  </datafield>
  <datafield tag="999" ind1=" " ind2=" ">
    <subfield code="c">7983</subfield>
    <subfield code="d">7981</subfield>
  </datafield>
  <datafield tag="952" ind1=" " ind2=" ">
    <subfield code="0">0</subfield>
    <subfield code="1">0</subfield>
    <subfield code="4">0</subfield>
    <subfield code="7">0</subfield>
    <subfield code="8">PHARMACY</subfield>
    <subfield code="a">JRU</subfield>
    <subfield code="b">JRU</subfield>
    <subfield code="c">Shelf - 23- H</subfield>
    <subfield code="d">2022-02-25</subfield>
    <subfield code="e">PURCHASE</subfield>
    <subfield code="g">315.00</subfield>
    <subfield code="l">1</subfield>
    <subfield code="o">610</subfield>
    <subfield code="p">26697</subfield>
    <subfield code="r">2023-01-20 00:00:00</subfield>
    <subfield code="s">2023-01-02</subfield>
    <subfield code="w">2022-02-25</subfield>
    <subfield code="y">BK</subfield>
  </datafield>
  <datafield tag="952" ind1=" " ind2=" ">
    <subfield code="0">0</subfield>
    <subfield code="1">0</subfield>
    <subfield code="4">0</subfield>
    <subfield code="7">0</subfield>
    <subfield code="8">PHARMACY</subfield>
    <subfield code="a">JRU</subfield>
    <subfield code="b">JRU</subfield>
    <subfield code="c">SHELF-75-B</subfield>
    <subfield code="d">2022-02-25</subfield>
    <subfield code="e">PURCHASE</subfield>
    <subfield code="g">315.00</subfield>
    <subfield code="l">2</subfield>
    <subfield code="o">610</subfield>
    <subfield code="p">26698</subfield>
    <subfield code="r">2023-01-20 00:00:00</subfield>
    <subfield code="s">2022-12-24</subfield>
    <subfield code="w">2022-02-25</subfield>
    <subfield code="y">BK</subfield>
  </datafield>
  <datafield tag="952" ind1=" " ind2=" ">
    <subfield code="0">0</subfield>
    <subfield code="1">0</subfield>
    <subfield code="4">0</subfield>
    <subfield code="7">0</subfield>
    <subfield code="8">PHARMACY</subfield>
    <subfield code="a">JRU</subfield>
    <subfield code="b">JRU</subfield>
    <subfield code="c">Shelf - 23- H</subfield>
    <subfield code="d">2022-02-25</subfield>
    <subfield code="e">PURCHASE</subfield>
    <subfield code="g">315.00</subfield>
    <subfield code="l">3</subfield>
    <subfield code="o">610</subfield>
    <subfield code="p">26699</subfield>
    <subfield code="r">2022-12-31 00:00:00</subfield>
    <subfield code="s">2022-12-27</subfield>
    <subfield code="w">2022-02-25</subfield>
    <subfield code="y">BK</subfield>
  </datafield>
  <datafield tag="952" ind1=" " ind2=" ">
    <subfield code="0">0</subfield>
    <subfield code="1">0</subfield>
    <subfield code="4">0</subfield>
    <subfield code="7">0</subfield>
    <subfield code="8">PHARMACY</subfield>
    <subfield code="a">JRU</subfield>
    <subfield code="b">JRU</subfield>
    <subfield code="c">Shelf - 23- H</subfield>
    <subfield code="d">2022-02-25</subfield>
    <subfield code="e">PURCHASE</subfield>
    <subfield code="g">315.00</subfield>
    <subfield code="l">3</subfield>
    <subfield code="m">1</subfield>
    <subfield code="o">610</subfield>
    <subfield code="p">26700</subfield>
    <subfield code="r">2023-01-17 00:00:00</subfield>
    <subfield code="s">2023-01-02</subfield>
    <subfield code="w">2022-02-25</subfield>
    <subfield code="y">BK</subfield>
  </datafield>
  <datafield tag="952" ind1=" " ind2=" ">
    <subfield code="0">0</subfield>
    <subfield code="1">0</subfield>
    <subfield code="4">0</subfield>
    <subfield code="7">0</subfield>
    <subfield code="8">PHARMACY</subfield>
    <subfield code="a">JRU</subfield>
    <subfield code="b">JRU</subfield>
    <subfield code="c">Shelf - 23- H</subfield>
    <subfield code="d">2022-02-25</subfield>
    <subfield code="e">PURCHASE</subfield>
    <subfield code="g">315.00</subfield>
    <subfield code="l">3</subfield>
    <subfield code="o">610</subfield>
    <subfield code="p">26701</subfield>
    <subfield code="r">2022-09-29 00:00:00</subfield>
    <subfield code="s">2022-09-21</subfield>
    <subfield code="w">2022-02-25</subfield>
    <subfield code="y">BK</subfield>
  </datafield>
  <datafield tag="952" ind1=" " ind2=" ">
    <subfield code="0">0</subfield>
    <subfield code="1">0</subfield>
    <subfield code="4">0</subfield>
    <subfield code="7">0</subfield>
    <subfield code="8">PHARMACY</subfield>
    <subfield code="a">JRU</subfield>
    <subfield code="b">JRU</subfield>
    <subfield code="c">SHELF-20-F</subfield>
    <subfield code="d">2023-02-11</subfield>
    <subfield code="e">LOHIA BOOK INTERNATIONAL</subfield>
    <subfield code="g">495.00</subfield>
    <subfield code="l">3</subfield>
    <subfield code="m">1</subfield>
    <subfield code="o">610 GOY-E</subfield>
    <subfield code="p">27540</subfield>
    <subfield code="r">2025-12-13 09:35:03</subfield>
    <subfield code="s">2025-08-21</subfield>
    <subfield code="w">2023-02-11</subfield>
    <subfield code="y">BK</subfield>
  </datafield>
  <datafield tag="952" ind1=" " ind2=" ">
    <subfield code="0">0</subfield>
    <subfield code="1">0</subfield>
    <subfield code="4">0</subfield>
    <subfield code="7">0</subfield>
    <subfield code="8">PHARMACY</subfield>
    <subfield code="a">JRU</subfield>
    <subfield code="b">JRU</subfield>
    <subfield code="c">Shelf - 23- H</subfield>
    <subfield code="d">2023-02-11</subfield>
    <subfield code="e">LOHIA BOOK INTERNATIONAL</subfield>
    <subfield code="g">495.00</subfield>
    <subfield code="l">1</subfield>
    <subfield code="o">610 GOY-E</subfield>
    <subfield code="p">27541</subfield>
    <subfield code="r">2025-09-12 12:42:38</subfield>
    <subfield code="s">2025-09-02</subfield>
    <subfield code="w">2023-02-11</subfield>
    <subfield code="y">BK</subfield>
  </datafield>
</record>
